| 000 | 01270nam a22003737a 4500 | ||
|---|---|---|---|
| 001 | 2548 | ||
| 005 | 20231214162423.0 | ||
| 020 | _a9781455801640 | ||
| 020 | _a9780545046329 | ||
| 020 | _a145580164X | ||
| 040 |
_aBTCTA _beng _cBTCTA _dTEF _dLF3 _dUPZ _dOCLCA _dRECBX _dDLC |
||
| 050 | 0 | 0 | _aSF428.P38 |
| 082 | _a798.8 | ||
| 100 | 1 | _aPaulsen, Gary | |
| 245 | 1 | 0 |
_aPuppies, dogs, and blue northers / _cGary Paulsen |
| 250 | _aFirst Scholastic printing, September 2007 | ||
| 260 |
_aOrlando : _bScholastic, _c1996 |
||
| 300 |
_a81 pages : _billustrations ; _c19 cm |
||
| 505 | _aZ | ||
| 520 | _aMinnesota author and dog musher Gary Paulsen reflects on the growth of his sled dogs as he and his animals discover the world around them. | ||
| 521 |
_a1190 _bLexile |
||
| 521 |
_aZ _bRaz-Plus |
||
| 650 | 0 |
_aMushers _zMinnesota _vBiography _vJuvenile literature. |
|
| 650 | 0 |
_aSled dogs _zMinnesota _vBiography _vJuvenile literature. |
|
| 650 | 0 |
_aDogsledding _zMinnesota _vJuvenile literature. |
|
| 650 | 1 | _aSled dogs. | |
| 650 | 1 | _aDogsledding. | |
| 650 | 1 | _aMushers. | |
| 650 | 1 |
_aOutdoor life _zMinnesota. |
|
| 655 | 7 |
_aAudiobooks. _2lcgft |
|
| 655 | 7 |
_aChildren's audiobooks. _2lcgft |
|
| 906 |
_a7 _bcbc _ccopycat _d2 _encip _f20 _gy-soundrec |
||
| 942 |
_2ddc _cBK _n0 |
||
| 999 |
_c2548 _d2548 |
||